[Event "Titled Tue 9th Jul Late"]
[Site "chess.com INT"]
[Date "2024.07.09"]
[Round "11"]
[White "Caruana, F."]
[Black "Nakamura, Hi"]
[Result "0-1"]
[WhiteElo "2796"]
[BlackElo "2802"]
[PlyCount "122"]
[EventDate "2024.07.09"]

1. c4 {Duda,Jan Krzysztof} e6 2. Nc3 d5 3. d4 Be7 4. cxd5 exd5 5. Bf4 c6 6. e3 Bf5 7. Nge2 Nd7 8. Ng3 ({RR} 8. h4 h5 ({RR} 8... Bxh4 9. Qb3 b6 10. Nxd5 cxd5 11. Rxh4 Qxh4 12. Qxd5 Qd8 13. Qxf5 Ne7 14. Qh3) ({RR} 8... Ngf6 9. Ng3 Be6 10. Bd3) 9. Ng3 {RR} Bg4 10. Qb3) 8... Bg6 ({RR} 8... Be6 9. Nh5 Bf8 10. Bg3) 9. h4 h5 ({RR} 9... Bxh4 10. Qb3 Bxg3 ({RR} 10... Nb6 11. a4 Bxg3 12. Bxg3 a5 13. Ne2) 11. Bxg3 Qb6 12. Na4 Qa5+ 13. Nc3 Qb6) 10. Bd3 Bxd3 11. Qxd3 g6 ({RR} 11... Ngf6 12. Nf5 O-O 13. f3) 12. e4 ({RR} 12. O-O-O Ngf6 13. f3 Qa5 14. Kb1 O-O-O 15. e4 dxe4 16. fxe4 Ng4 17. Nd5 cxd5 18. Qc2+ Nc5 19. dxc5 d4 20. c6 Bd6 21. cxb7+ Kxb7 22. Rd3 Qc5 23. Qb3+ Ka8 24. Rc1 Qb6 25. Qxf7 Bxf4 26. Qxf4 Rhf8 {Urkedal,F (2573)-Gasanov,E (2457) Daventry ENG 2026 1-0 (43)}) 12... Ngf6 ({RR} 12... dxe4 13. Ngxe4 Ngf6 14. Nd6+) ({RR} 12... Nb6 13. O-O) 13. e5 Ng4 $146 ({RR} 13... Nh7 14. e6 Ndf8 15. exf7+ Kxf7 16. Be5 Rg8 ({RR} 16... Nf6 17. f4 Rh6 18. f5) 17. f4 ({RR} 17. O-O-O Bxh4 18. Kb1 ({RR} 18. f4 Bxg3 19. Qxg3 Nf6 20. f5 N8d7) 18... Qe7 19. Rde1 Bf6 20. f4) 17... Bxh4 18. f5 ({RR} 18. O-O Bxg3 19. Qxg3 Nf6 20. f5 g5 21. Na4 N8d7 22. Rae1) 18... Bxg3+ 19. Bxg3 ({RR} 19. Qxg3 Qg5 20. fxg6+ Kxg6 21. Qd3+ Kh6 22. g4 Qxg4 23. Ne2) 19... Qg5 20. O-O Nf6 21. Bf4 ({RR} 21. Be5 N8d7 22. Rae1 Rae8) 21... Qg4 22. Nd1 Re8 23. Ne3 Rxe3 ({RR} 23... Qh4) 24. Bxe3 gxf5 25. Qc2 Ne6 ({RR} 25... Qe4 26. Qxe4 ({RR} 26. Qd2 Ne6 27. Rae1 Qg4) 26... fxe4 27. Rf5 N8h7) ({RR} 25... Ke6 26. Rf4 Qh3 27. Re1 Ne4 28. Qe2 Rg3 29. Rf3 Ng6 30. Bf4 Qxg2+ 31. Qxg2 Rxg2+ 32. Kxg2 Nh4+ 33. Kf1 Nxf3 34. Rd1 Nh4 35. Ke2 Ng6 36. Ke3) 26. Rxf5 Nxd4 27. Bxd4 Qxd4+ 28. Qf2 {Duda,J (2753)-Harikrishna,P (2719) Chess.com INT 2020 CBM 196 [Duda,Jan Krzysztof] 1-0 (78)} ({RR} 28. Rf2 Ke7 29. Rd1 Qe3 ({RR} 29... Qb6 30. Qf5 Ng4 31. Re1+ Kd8 32. Ree2 Qd4 33. Qf4 Qd1+ 34. Rf1 Qxe2 35. Qb8+ Ke7 36. Qxg8 Qe3+ 37. Kh1 Nf2+ 38. Kh2 Ng4+) 30. Rd3 Qe1+ 31. Rf1 Qe5 32. Qf2)) ({RR} 13... Ng8 14. e6 Nf8 15. exf7+ Kxf7) 14. f3 ({RR} 14. Qd2 Bxh4 15. Nce2 ({RR} 15. f3 Bxg3+ 16. Bxg3 Nh6 17. Bh4) 15... Qe7 16. Kf1 ({RR} 16. f3 Bxg3+ 17. Nxg3 Ngf6 18. Bg5 Qe6 19. O-O-O Nh7 20. Bh4) 16... O-O-O 17. f3 Bxg3 18. Nxg3) ({RR} 14. e6 Nf8 15. exf7+ Kxf7 16. f3 Nh6 17. O-O-O Bxh4 18. Kb1 Bf6 19. Bxh6 Rxh6 20. f4) 14... Nh6 15. e6 ({RR} 15. Qd2 Ng8 16. Bg5) 15... Nb6 16. Be5 Bf6 17. exf7+ Kxf7 18. f4 Qd7 19. O-O-O Nf5 20. Nf1 Nc4 21. Nd2 Nxd2 22. Rxd2 Rae8 23. g3 Rhf8 24. Re2 Ng7 25. Rhe1 Bxe5 26. Rxe5 Rxe5 27. Rxe5 Re8 28. Nd1 Nf5 29. Nf2 Nd6 30. g4 Nc4 31. Rxe8 Qxe8 32. gxh5 gxh5 33. Qh7+ Kf6 34. Qh6+ Qg6 35. Qg5+ Qxg5 36. fxg5+ Kf5 37. Nd3 Ne3 38. Ne5 Ng2 39. Nf3 Nf4 40. Kd2 Ne6 41. Ke3 b6 42. b4 Kg4 43. a3 Kf5 44. Ne5 c5 45. bxc5 bxc5 46. Nd7 cxd4+ 47. Kd3 Kg4 48. g6 Kxh4 49. Nc5 Ng7 50. Kxd4 Kg5 51. Kxd5 h4 52. Ne4+ Kxg6 53. Nf2 Kf5 54. Kc6 Kf4 55. Kb7 Kf3 56. Nh3 Ne6 57. Kxa7 Kg2 58. Kb6 Kxh3 59. a4 Kg4 60. a5 h3 61. a6 h2 0-1

[Event "Titled Tue 18th Jun Early"]
[Site "chess.com INT"]
[Date "2024.06.18"]
[Round "5"]
[White "Caruana, F."]
[Black "Anton Guijarro, D."]
[Result "1-0"]
[WhiteElo "2805"]
[BlackElo "2669"]
[PlyCount "61"]
[EventDate "2024.06.18"]

1. d4 {Ramirez Alvarez,Alejandro} d5 2. c4 e6 3. Nc3 c6 4. e3 Nd7 5. Nf3 f5 6. Bd3 Nh6 ({RR} 6... Ngf6 7. cxd5 cxd5) 7. O-O ({RR} 7. b3 Bd6 8. Bb2 O-O 9. O-O Rf6 10. Qc2 Nf7 11. Nd2 ({RR} 11. cxd5) 11... e5 12. Bxf5 ({RR} 12. cxd5 e4 13. Bc4 Bxh2+ 14. Kxh2 Rh6+ 15. Kg1 Qh4 16. f3 Nf6) ({RR} 12. g3 e4 13. Be2) 12... e4 13. Bxh7+ ({RR} 13. Bh3 Ng5 14. Bg4 Rh6) ({RR} 13. Bxd7 Bxd7 14. cxd5 Rh6) 13... Kxh7 14. cxd5 Rg6 15. Ndxe4 Nf6 16. Nxf6+ Qxf6 17. f4 Nh6 18. Ne4 Qf5 19. dxc6 Be7 20. c7 Rc6 21. Qb1 ({RR} 21. Qd3 Rxc7 22. d5 Qg6 23. d6 ({RR} 23. Ng5+ Bxg5 24. Qxg6+ Kxg6 25. fxg5 Nf7 26. e4) 23... Bf5 24. dxc7 Bxe4 25. Qe2) 21... Rxc7 {Aronian,L (2825)-Morozevich,A (2769) Moscow 2012 CBM 149 [Ramirez Alvarez,Alejandro] 0-1 (40)} {RR} 22. d5) 7... Bd6 8. Bd2 $146 ({RR} 8. Qc2 O-O 9. Ne2 Nf7 10. Nd2 Nf6 11. f3 Bd7 12. e4 fxe4 13. fxe4 e5 14. Kh1 exd4 15. Nxd4 Ne5 16. exd5 Nxd3 17. Qxd3 Ng4 18. N2f3 Nxh2 19. Bg5 Qe8 20. Nxh2 Qh5 21. g3 Qxg5 22. dxc6 bxc6 {Kuznetsov,E (2135)-Li,V (2150) Dubna 2001 ½-½ (35)}) ({RR} 8. b3 O-O 9. a4 Qe7 10. Bb2 Nf6 11. Ne5 Nfg4 12. Ne2 Nxh2 13. Kxh2 Bxe5+ 14. g3 Bd6 15. Kg2 Ng4 16. Rh1 b6 17. cxd5 cxd5 18. Rc1 Bd7 19. Nf4 g6 20. Qe2 Nf6 21. Ba6 Ne4 22. Rh6 Rf7 {Gustafsson,J (2602)-Henriquez Villagra,C (2597) chess.com INT 2025 0-1 (34)}) 8... O-O 9. Rc1 Rf6 10. Ne2 Nf7 11. a3 g5 12. cxd5 exd5 13. Ng3 Nf8 14. Qc2 Bxg3 15. fxg3 Qe7 16. Ne5 Nxe5 17. dxe5 Qxe5 18. Bc3 Qxe3+ 19. Kh1 Rf7 20. Rce1 Qc5 21. Re8 Re7 22. Bxf5 Bxf5 23. Rxa8 d4 24. Qf2 Rf7 25. Qxd4 Qxd4 26. Bxd4 Be4 27. Rxf7 Kxf7 28. Rxa7 Kg6 29. Rxb7 c5 30. Rb6+ Kf7 31. Bxc5 1-0

[Event "chess.com SpeedChess 2024"]
[Site "chess.com INT"]
[Date "2024.08.08"]
[Round "2.6"]
[White "Erigaisi, Arjun"]
[Black "Carlsen, M."]
[Result "1-0"]
[WhiteElo "2778"]
[BlackElo "2832"]
[PlyCount "129"]
[EventDate "2024.07.25"]
[EventType "k.o."]

1. d4 d5 2. c4 e6 3. Nc3 a6 4. cxd5 exd5 5. Nf3 h6 6. Bf4 Nf6 7. e3 Bd6 8. Bxd6 Qxd6 9. Bd3 O-O 10. O-O ({RR} 10. Qc2 Be6 11. O-O Nbd7 12. Rac1 Rac8 13. h3 c5 14. dxc5 Nxc5 15. Rfd1 Qe7 16. Nd4 Nxd3 17. Qxd3 Rc7 18. Nce2 Rfc8 19. Rxc7 Rxc7 20. f3 Bd7 21. Qd2 Rc8 22. Nf4 Re8 23. Kf2 Qd6 24. Rc1 g5 {Erigaisi,A (2778)-Duda,J (2733) chess.com INT 2024 1-0 (32)}) 10... Be6 ({RR} 10... Bg4 11. h3 Bxf3 12. Qxf3 Nbd7 13. Rac1 c6 14. Qf5 Rfe8 15. Rfd1 Qe7 16. a3 Nb6 17. Re1 Nc8 18. Na4 Nd6 19. Qf3 Nfe4 20. Nc5 Rad8 21. Bxe4 Nxe4 22. Nxe4 dxe4 23. Qf4 Rd5 24. Rc3 g5 25. Qg3 {Matveeva,O (2078)-Vandenhole,K (2273) chess.com INT 2026 1-0 (64)}) 11. Qb3 $146 ({RR} 11. Rc1 Nbd7 12. h3 c5 13. dxc5 Nxc5 14. Nd4 Rac8 15. Rc2 Rfd8 16. Qd2 Nfd7 17. Rfc1 Ne5 18. Be2 Nc4 19. Qe1 b5 20. Nb1 Bd7 21. b3 Ne5 22. Qb4 Ne4 23. Qxd6 Nxd6 24. Nc3 Be6 25. f4 Nd7 {Alonso Rosell,A (2559)-Tica,S (2416) Skopje 2019 ½-½ (50)}) 11... Nbd7 12. Rac1 Rab8 13. h3 c6 14. Na4 Ne4 15. Qc2 Bf5 16. Nc5 Rfe8 17. b4 Qf6 18. Bxe4 Bxe4 19. Nxe4 Rxe4 20. a4 Ree8 21. b5 axb5 22. axb5 Rec8 23. Qb3 Qd6 24. Rfd1 Ra8 25. Rc2 Ra5 26. Rdc1 c5 27. dxc5 Rxc5 28. Rxc5 Nxc5 29. Qb4 b6 30. Nd4 Ra4 31. Qd2 Rc4 32. Rd1 Ne4 33. Qb2 Qf6 34. f3 Nc5 35. Qd2 Ne6 36. Nc6 Rc5 37. Qd3 g6 38. Rd2 Kg7 39. Kh2 h5 40. f4 Rc3 41. Qe2 Rc5 42. Ne5 Rc3 43. Nd7 Nxf4 44. Qf3 Qe7 45. Qxf4 Rxe3 46. Nxb6 Re4 47. Nxd5 Qe6 48. Qg3 h4 49. Qc3+ f6 50. Qc7+ Kh6 51. Qb8 Kg5 52. Nc3 Rc4 53. Rd5+ f5 54. Qd8+ Kh5 55. Qh8+ Kg5 56. Qd8+ Kh5 57. Nd1 Qe1 58. Qh8+ Kg5 59. Qd8+ Kh5 60. Qh8+ Kg5 61. Qe5 Re4 62. Qc7 Re2 63. Rd7 Qf1 64. Qd8+ Kh6 65. Qxh4# 1-0

[Event "chess.com SpeedChess 2024"]
[Site "chess.com INT"]
[Date "2024.07.31"]
[Round "1.11"]
[White "Caruana, F."]
[Black "Sarana, A."]
[Result "1-0"]
[WhiteElo "2796"]
[BlackElo "2717"]
[PlyCount "105"]
[EventDate "2024.07.25"]
[EventType "k.o."]

1. c4 e6 2. Nc3 d5 3. d4 Bb4 4. cxd5 exd5 5. a3 Be7 ({RR} 5... Bxc3+ 6. bxc3 Ne7 7. Nf3 c5 8. g3 O-O 9. Bg2 Nbc6 10. O-O Bf5 11. dxc5 Qa5 12. Qb3 Be4 13. Bf4 Qxc5 14. Qxb7 Rac8 15. Rfc1 Nf5 16. a4 Rfe8 17. Qb5 Qe7 18. Bh3 h6 19. Nd2 g5 20. Nxe4 {Bacrot,E (2704)-Fressinet,L (2712) Calvi 2015 0-1 (34)}) 6. Bf4 Nf6 ({RR} 6... c6 7. e3 Nf6 8. Bd3 a5 9. h3 Na6 10. Nf3 O-O 11. O-O Nc7 12. Ne5 Ne6 13. Bh2 c5 14. Nb5 Bd7 15. Nxd7 Qxd7 16. a4 c4 17. Bc2 Nd8 18. Qf3 Nc6 19. Bf5 Qd8 20. Rad1 g6 21. Bb1 {Caruana,F (2805)-Cardoso Cardoso,J (2516) chess.com INT 2024 1-0 (39)}) 7. e3 Bd6 $146 ({RR} 7... O-O 8. Bd3 Re8 9. h3 b6 10. Nb5 Na6 11. Nf3 c6 12. Nc3 c5 13. O-O cxd4 14. exd4 Bd6 15. Bxd6 Qxd6 16. Ne5 Bb7 17. Rc1 Nc7 18. Nb5 Nxb5 19. Bxb5 Re6 20. Qf3 Rf8 21. Rc2 a6 22. Bd3 {Golovin,N (2188)-Kulikov,K (2040) Odoev 2018 1-0 (36)}) ({RR} 7... O-O 8. Bd3 c6 9. Nf3 Nh5 10. Qc2 Nxf4 11. exf4 h6 12. O-O Bd6 13. Ne5 Nd7 14. Rfe1 Qf6 15. g3 Rd8 16. Re3 Nf8 17. f5 Bc7 18. Na4 Nh7 19. Rae1 Qd6 20. f4 Nf6 21. g4 Rf8 22. g5 {Pogosyan,S (2381)-Tsydypov,Z (2507) Odintsovo RUS 2026 1-0 (31)}) 8. Bxd6 Qxd6 9. Bd3 O-O 10. h3 b6 11. Nf3 c5 12. O-O Be6 13. dxc5 bxc5 14. e4 Nc6 15. exd5 Bxd5 16. Nxd5 Qxd5 17. Rc1 Rab8 18. Qc2 Nd4 19. Nxd4 cxd4 20. b4 g6 21. Rfd1 Rfd8 22. Qc7 Rb7 23. Qf4 Kg7 24. Bc4 Qd7 25. Ba6 Rb6 26. Rc7 Qa4 27. Be2 Re6 28. Qf3 Nd7 29. Rxd4 Ne5 30. Qc3 Rxd4 31. Qxd4 Qxa3 32. f4 a5 33. fxe5 Qxb4 34. Qxb4 axb4 35. Bc4 Rxe5 36. Rxf7+ Kh6 37. Rb7 Re4 38. Rxb4 Rd4 39. Ra4 Kg5 40. Bb5 Rd5 41. Bc6 Rc5 42. Bf3 Kh6 43. Kh2 Kg7 44. h4 Kh6 45. Kg3 Rc7 46. Rb4 Ra7 47. Rb7 Ra3 48. Rf7 Rb3 49. Kh3 Rb5 50. g4 g5 51. hxg5+ Rxg5 52. Be4 Re5 53. Rxh7+ 1-0

[Event "American Cup Champ"]
[Site "Saint Louis USA"]
[Date "2024.03.14"]
[Round "2.2"]
[White "Robson, R."]
[Black "So, W."]
[Result "1-0"]
[WhiteElo "2696"]
[BlackElo "2757"]
[PlyCount "115"]
[EventDate "2024.03.12"]
[EventType "k.o."]

1. d4 d5 2. c4 e6 3. Nc3 Be7 4. cxd5 exd5 5. Bf4 c6 6. e3 Bf5 7. Nge2 Nd7 8. h4 Ngf6 9. Ng3 Be6 10. Bd3 Nb6 11. Qc2 ({RR} 11. Nf5 Bxf5 12. Bxf5 Bd6 13. Qf3 Nc4 14. g4 Qb6 15. Bxd6 Nxd6 16. O-O h5 17. g5 Nxf5 18. Qxf5 Nd7 19. e4 O-O-O 20. exd5 Qxd4 21. dxc6 bxc6 22. Qe4 Ne5 23. Kg2 Rhe8 24. Rad1 Qxe4+ 25. Nxe4 Nd3 {Lazavik,D (2605)-Szpar,M (2499) chess.com INT 2026 1-0 (58)}) 11... Bd6 12. Nce2 ({RR} 12. O-O-O Bxf4 13. exf4 Qd6 14. f5 Bd7 15. Rde1+ Kd8 16. Nge2 a6 17. f3 Kc7 18. Qd2 Rac8 19. g4 Rhe8 20. Nf4 Rxe1+ 21. Rxe1 Re8 22. Nce2 Nc4 23. Bxc4 dxc4 24. Kd1 h5 25. g5 Nd5 26. Nxd5+ Qxd5 {Moroni,L (2564)-Mazur,S (2441) Skopje 2019 1-0 (41)}) 12... Bxf4 $146 13. Nxf4 Qe7 14. a4 a5 15. Ngh5 Nxh5 16. Nxh5 g6 17. Nf4 Bg4 18. Kf1 Kf8 19. Re1 Re8 20. f3 Bd7 21. Qb3 Qd8 22. Qc3 Nc8 23. b4 Nd6 24. bxa5 Bf5 25. Bxf5 Nxf5 26. Kf2 Kg7 27. e4 dxe4 28. d5+ Qf6 29. Qxf6+ Kxf6 30. Rxe4 Rxe4 31. fxe4 Nd6 32. dxc6 bxc6 33. Rc1 Rc8 34. Ke3 Ke7 35. Nd3 f5 36. e5 Ne4 37. Nc5 Nxc5 38. Rxc5 Ra8 39. Kf4 Ra7 40. Kg5 Ke6 41. Kh6 Rf7 42. a6 Ra7 43. Ra5 Kd7 44. Kg5 Ke6 45. g3 Ke7 46. h5 Kf7 47. Kh6 gxh5 48. Kxh5 Ke6 49. Kh6 Kd7 50. Kg5 Ke6 51. Kf4 h6 52. Ke3 Kd7 53. Kd4 h5 54. Kc5 Kc7 55. e6 f4 56. gxf4 h4 57. e7 Ra8 58. a7 1-0

[Event "Titled Tue 12th Mar Early"]
[Site "chess.com INT"]
[Date "2024.03.12"]
[Round "7"]
[White "Sarana, A."]
[Black "Kuzubov, Y."]
[Result "1-0"]
[WhiteElo "2699"]
[BlackElo "2605"]
[PlyCount "67"]
[EventDate "2024.03.12"]

1. d4 d5 2. c4 e6 3. Nc3 a6 4. cxd5 exd5 5. Bf4 Nf6 6. e3 Bd6 7. Bxd6 Qxd6 8. Bd3 O-O 9. h3 Re8 ({RR} 9... Nc6 10. Nf3 Ne7 11. Qc2 g6 12. O-O Bf5 13. Na4 Bxd3 14. Qxd3 Nd7 15. Rac1 Rac8 16. Qb3 b6 17. Rfd1 c5 18. Qa3 Rc6 19. dxc5 bxc5 20. Nc3 Qe6 21. Ne2 Rb8 22. Nf4 Qe4 23. b3 d4 24. Re1 {Sarana,A (2717)-Shafer,L (2126) chess.com INT 2024 1-0 (38)}) 10. Qc2 ({RR} 10. Nf3 Be6 11. O-O Nbd7 12. a4 c6 13. a5 Rec8 14. Na4 Rab8 15. Qc2 Qe7 16. Rfc1 g6 17. Qc3 Ne4 18. Qa3 Qf6 19. Bxe4 dxe4 20. Nd2 Bd5 21. Nc3 Qe6 22. Nxd5 cxd5 23. Qb4 b5 24. Nf1 Rc4 {Carlsen,M (2837)-Svane,R (2629) chess.com INT 2025 1-0 (40)}) 10... Nc6 11. Nf3 ({RR} 11. Nge2 Nb4 12. Qd1 Nxd3+ 13. Qxd3 g6 14. f3 Qe7 15. Kf2 Bf5 16. Qd2 Rad8 17. g4 Bc8 18. Nf4 c6 19. Na4 Nd7 20. Rac1 Qh4+ 21. Kg2 Re7 22. Qf2 Qf6 23. Rhd1 Rde8 24. Rd3 g5 25. Nh5 Qg6 {Urh,Z (2263)-Sevcikova,L (2126) St. Veit an der Glan AUT 2026 0-1 (53)}) 11... Nb4 12. Qb1 $146 ({RR} 12. Qd1 Nxd3+ 13. Qxd3 Ne4 14. O-O Bf5 15. Qe2 c6 16. Rac1 Re7 17. Ne5 f6 18. Nd3 Rae8 19. Qf3 Qd7 20. Rfd1 Ng5 21. Qg3 Bxd3 22. Rd2 Ne4 {0-1 (22) Yang,C-Svane,R (2629) chess.com INT 2024}) 12... b6 13. O-O Nxd3 14. Qxd3 g6 15. Rac1 Bf5 16. Qd1 Rad8 17. Qa4 Bc8 18. Rc2 Re7 19. Rfc1 Bf5 20. Rd2 Bc8 21. Ne2 Bb7 22. Rdc2 Ne4 23. Nc3 Nf6 24. b4 Kg7 25. a3 Ng8 26. Ne2 h6 27. Nf4 f6 28. Nh4 Kh7 29. Nfxg6 Rf7 30. Nf5 Qe6 31. Ngh4 c6 32. Rc3 h5 33. Qc2 Qe4 34. Qd1 1-0

[Event "45th Olympiad 2024"]
[Site "Budapest HUN"]
[Date "2024.09.20"]
[Round "9.11"]
[White "Wojtaszek, R."]
[Black "Nguyen, Thai Dai Van"]
[Result "1/2-1/2"]
[WhiteElo "2681"]
[BlackElo "2647"]
[PlyCount "69"]
[EventDate "2024.09.11"]
[WhiteTeam "Poland"]
[BlackTeam "Czech Republic"]
[WhiteTeamCountry "POL"]
[BlackTeamCountry "CZE"]

1. d4 d5 2. c4 e6 3. Nc3 c6 4. e4 dxe4 5. Nxe4 Bb4+ 6. Bd2 Qxd4 7. Bxb4 Qxe4+ 8. Be2 Na6 9. Bd6 Qxg2 10. Bf3 Qg5 11. Ne2 Ne7 12. Ng3 ({RR} 12. Rg1 Qa5+ 13. Nc3 Nf5 14. Ba3 Bd7 15. Qd2 O-O-O 16. O-O-O e5 17. Bg4 Nd4 18. Bxd7+ Rxd7 19. Kb1 f6 20. f4 Rhd8 21. Qf2 Ne6 22. Rxd7 Rxd7 23. f5 Nf4 24. Ne4 Qd8 25. Bd6 Rxd6 26. Nxd6+ Qxd6) 12... e5 ({RR} 12... O-O 13. h4 Qa5+ 14. b4 Nxb4 15. O-O Re8 16. Qd2 c5 17. Rad1 Nf5 18. Nxf5 exf5 19. Qf4 Nc6 20. Kh1 Nd4 21. Rg1 g6 22. Bd5 Be6 23. Bxb7 Ne2 24. Qd2 Qxd2 25. Rxd2 Nxg1 26. Bxa8 Rxa8 27. Kxg1 {Nakamura,H (2810)-Sindarov,J (2745) Pegeia CYP 2026 0-1 (41)}) ({RR} 12... Qa5+ 13. b4 Nxb4 14. O-O Na6 15. Re1 Qd8 16. Qd4 c5 17. Qe5 Ng6 18. Qd4 Ne7 19. Qxg7 Rg8 20. Qc3 Rh8 21. Qd4 {½-½ (21) Kalambetov,A (2099)-Binboga,Y (2221) Cesme TUR 2026}) 13. Qe2 $146 ({RR} 13. Qb3 Qh4 ({RR} 13... O-O 14. h4 Qf6 15. Ne4 Qe6 16. O-O-O Re8 17. Rhg1 Nf5 18. Bh5 Nd4 19. Qd3 g6 20. f4 c5 21. fxe5 Nb4 22. Qf1 Qf5 23. Rxd4 cxd4 24. Nf6+ Kh8 25. Bxb4 Rxe5 26. Bd1 Be6 27. Bd6 Bxc4 28. Ng4) 14. Rg1 O-O 15. Nh5 Ng6 16. Bxf8 Kxf8 17. O-O-O Be6 18. Be2 Qe7 19. Qe3 Qc5 20. Qg5 Re8 21. Rd8 Bxc4 22. Rxe8+ Kxe8 23. Kd1 Qd4+ 24. Ke1 Bxe2 25. Kxe2 Qc4+ 26. Kf3 Qd5+ 27. Ke2 Qc4+ {Iniyan,P (2586)-Adhiban,B (2534) Hyatt Regency, Chennai 2025 ½-½ (36)}) 13... Be6 14. h4 Qf4 15. Nh5 Qxc4 16. Nxg7+ Kd7 17. Bxe5 Qxe2+ 18. Bxe2 Rhf8 19. O-O-O+ Bd5 20. Rhe1 Nc5 21. Bf6 Ne6 22. Bg4 Ng8 23. Nxe6 fxe6 24. Bxe6+ Kd6 25. Bc3 Nf6 26. Bf5 Rae8 27. Rxe8 Rxe8 28. f4 Rf8 29. Be5+ Kc5 30. a3 Kb6 31. Bd4+ Kc7 32. Rg1 Nd7 33. Bxd7 Kxd7 34. Rg7+ Rf7 35. Rxf7+ 1/2-1/2

[Event "SpeedChess Final 2024"]
[Site "Paris FRA"]
[Date "2024.09.07"]
[Round "2.12"]
[White "Niemann, Hans Moke"]
[Black "Nakamura, Hi"]
[Result "1/2-1/2"]
[WhiteElo "2733"]
[BlackElo "2802"]
[PlyCount "142"]
[EventDate "2024.09.06"]
[EventType "k.o."]

1. d4 d5 2. c4 e6 3. Nc3 a6 4. cxd5 exd5 5. Nf3 c6 6. Bf4 Bd6 7. Bg3 Ne7 8. e3 Bf5 9. Nh4 ({RR} 9. Qb3 Ra7 10. Be2 O-O 11. Bxd6 Qxd6 12. Qb6 Nc8 13. Qb3 Nd7 14. O-O Qf6 15. Rfc1 Nd6 16. Qb4 a5 17. Qa3 b5 18. Qb3 Rb8 19. Nd2 Nc4 20. Nxc4 dxc4 21. Qd1 Nb6 22. Bf3 Rd8 23. Qe1 h6 {Vovk,Y (2617)-Carlsen,M (2850) Berlin 2015 ½-½ (94)}) ({RR} 9. Bd3 O-O 10. O-O Bxg3 11. hxg3 Nd7 12. Rc1 Nb6 13. Re1 Bxd3 14. Qxd3 Nc4 15. b3 Nd6 16. Na4 Nef5 17. Nc5 Qe7 18. Ne5 Rfe8 19. g4 Nh6 20. Qe2 Qh4 21. f3 f6 22. Ned3 f5 23. Ne5 fxg4 {Lai,D (2137)-Leiva,G (2358) chess.com INT 2025 0-1 (74)}) 9... Bg6 10. Qb3 Ra7 11. Be2 $146 ({RR} 11. Rc1 O-O 12. Nxg6 hxg6 13. Bd3 a5 14. O-O Bxg3 15. hxg3 Nd7 16. Na4 Nf5 17. Qc2 Qg5 18. Nc5 Nf6 19. Be2 Re8 20. Bf3 Nd6 21. Nd3 Nfe4 22. Nc5 f5 23. Nxb7 Rxb7 24. Qxc6 Rbb8 25. Qxd5+ Kh7 {Panelo Munoz,M (2373)-Lopez Martinez,J (2583) San Sebastian 2017 0-1 (31)}) 11... O-O 12. O-O Bxg3 13. hxg3 Nd7 14. Qa3 Nf6 15. b4 Ra8 16. Qb2 Ne8 17. a4 Nd6 18. b5 a5 19. Nxg6 hxg6 20. Rfc1 Qd7 21. Rab1 Rfc8 22. bxc6 Rxc6 23. Nb5 Ne4 24. Bd3 Rac8 25. Rxc6 Nxc6 26. Bxe4 dxe4 27. Rc1 Nb4 28. Rxc8+ Qxc8 29. Qc3 Qg4 30. Qd2 Nd5 31. Nd6 Qd7 32. Nb5 Qg4 33. Qc1 Qd7 34. Qc2 Nb6 35. Qb3 Qd5 36. Qxd5 Nxd5 37. Nd6 b6 38. Nxe4 f5 39. Nd6 Nc3 40. Nc4 Nxa4 41. Kf1 Kf7 42. Ke2 Ke6 43. Kd3 Kd5 44. f3 g5 45. e4+ fxe4+ 46. fxe4+ Kc6 47. g4 g6 48. g3 Kc7 49. Kc2 b5 50. Nxa5 Nb6 51. Kd3 Kd6 52. Nb7+ Kc6 53. Nd8+ Kd7 54. Nf7 b4 55. Ne5+ Ke6 56. Nc4 Na4 57. Kc2 Nc3 58. Nd2 Ne2 59. Kd3 Nxg3 60. Ke3 Nf5+ 61. gxf5+ gxf5 62. exf5+ Kxf5 63. Kd3 g4 64. Nf1 b3 65. Kc3 Ke4 66. Ng3+ Kd5 67. Ne2 g3 68. Kxb3 g2 69. Kc3 Ke4 70. Kd2 g1=Q 71. Nxg1 Kxd4 1/2-1/2

[Event "45th Olympiad 2024"]
[Site "Budapest HUN"]
[Date "2024.09.18"]
[Round "7.3"]
[White "Nguyen Ngoc Truong Son"]
[Black "Tabatabaei, M."]
[Result "1/2-1/2"]
[WhiteElo "2633"]
[BlackElo "2714"]
[PlyCount "60"]
[EventDate "2024.09.11"]
[WhiteTeam "Vietnam"]
[BlackTeam "Iran"]
[WhiteTeamCountry "VIE"]
[BlackTeamCountry "IRI"]

1. d4 d5 2. c4 e6 3. Nc3 Be7 4. cxd5 exd5 5. Bf4 c6 6. e3 Bf5 7. Bd3 Bxd3 8. Qxd3 Nf6 9. Nf3 O-O 10. O-O Re8 11. h3 Nbd7 12. Rab1 a5 13. Qc2 Bf8 ({RR} 13... Nb6 14. b3 Bd6 15. Ne5 Qe7 16. Nd3 Bxf4 17. Nxf4 Ne4 18. Nxe4 Qxe4 19. Qxe4 Rxe4 20. Nd3 Re7 21. Nc5 Nc8 22. Nd3 Nd6 23. Rfc1 f6 24. g4 Kf7 25. Kg2 a4 26. Nc5 axb3 27. axb3 Ra2 28. Ra1 {Fressinet,L (2677)-Gustafsson,J (2646) Oberhof 2011 ½-½ (33)}) ({RR} 13... Nb6 14. Rfc1 Nc4 15. Ne5 Nxe5 16. Bxe5 Nd7 17. Bg3 Nb6 18. Na4 Nxa4 19. Qxa4 h6 20. a3 Qd7 21. Bf4 Bf8 22. Qd1 a4 23. Qg4 Qxg4 24. hxg4 Ra6 25. Rc3 Rea8 26. f3 Rb6 27. Kf2 Rb5 28. Ke2 {Arvola,B (2453)-Mitusov,S (2479) Normoria NOR 2026 ½-½ (60)}) 14. a3 h6 $146 ({RR} 14... Ne4 15. Nxe4 dxe4 16. Nd2 Qe7 17. b4 axb4 18. axb4 f5 19. b5 c5 20. Nb3 b6 21. Ra1 Rec8 22. Ra6 Qf7 23. dxc5 Nxc5 24. Nxc5 Bxc5 25. Rfa1 Rxa6 26. bxa6 Ra8 27. Qa4 Qf6 28. Kh2 g5 29. Bg3 {Nesterov,A (2018)-Tsoi,D (1985) Loo 2014 ½-½ (45)}) 15. Rfe1 Rc8 16. Rbd1 b5 17. Ne5 Nxe5 18. Bxe5 Nd7 19. Bg3 Nb6 20. a4 Bb4 21. Re2 Bxc3 22. Qxc3 Nxa4 23. Qe1 Ra8 24. Ra1 Nb6 25. Rxa5 Nd7 26. Ra1 c5 27. Rxa8 Qxa8 28. dxc5 Nxc5 29. Qb4 Qa4 30. Qxa4 bxa4 1/2-1/2

[Event "FIDE World Bl Team Final"]
[Site "Almaty KAZ"]
[Date "2024.08.05"]
[Round "3.2"]
[White "Nepomniachtchi, I."]
[Black "Sarana, A."]
[Result "1/2-1/2"]
[WhiteElo "2767"]
[BlackElo "2717"]
[PlyCount "109"]
[EventDate "2024.08.05"]
[WhiteTeam "WR Chess Team"]
[BlackTeam "Chessy"]

1. c4 e6 2. Nc3 d5 3. d4 Bb4 4. a3 Bxc3+ 5. bxc3 Nf6 6. e3 O-O 7. a4 ({RR} 7. cxd5 exd5 8. Bd3 Bg4 9. Ne2 c5 10. f3 Bh5 11. Nf4 Bg6 12. Nxg6 hxg6 13. O-O Nc6 14. a4 Re8 15. Re1 Qa5 16. Bd2 Qc7 17. Rb1 a6 18. Re2 Rad8 19. Be1 Na5 20. Bf2 Qc6 21. Qe1 Rd7 {Kortschnoj,V (2645)-Baburin,A (2505) Copenhagen 1996 0-1 (72)}) 7... c6 $146 ({RR} 7... a5 8. Ba3 Re8 9. Qc2 Nc6 10. f4 Ne4 11. Bd3 f5 12. c5 Qh4+ 13. g3 Nxg3 14. Qf2 g5 15. Qxg3 Qxg3+ 16. hxg3 gxf4 17. gxf4 Re7 18. Nf3 Bd7 19. Rb1 Rb8 20. Kf2 Nd8 21. c6 Be8 22. Bxe7 {Brattin,B-Gale,J Plymouth 1984 1-0}) ({RR} 7... Nbd7 8. Nf3 c5 9. Be2 b6 10. cxd5 exd5 11. c4 Bb7 12. Bb2 Rc8 13. O-O dxc4 14. Bxc4 cxd4 15. Qxd4 Bxf3 16. gxf3 Ne5 17. Qxd8 Rfxd8 18. Ba6 Nxf3+ 19. Kg2 Nd2 20. Rfc1 Rc5 21. Rxc5 bxc5 22. Rc1 {Golenia,J (2237)-Savitha,S (2351) Bratislava SVK 2026 0-1 (54)}) 8. Nf3 Re8 9. Bb2 b6 10. cxd5 cxd5 11. c4 Ba6 12. cxd5 Bxf1 13. Kxf1 Qxd5 14. Nd2 Nc6 15. Qf3 Rac8 16. Qxd5 exd5 17. Ke2 Na5 18. Rhc1 Nc4 19. Nxc4 dxc4 20. Bc3 Nd5 21. Rab1 a6 22. g4 Rc6 23. Kf3 h5 24. h3 Rf6+ 25. Kg3 h4+ 26. Kg2 Rc6 27. Rb2 f6 28. Kf3 Rd8 29. Be1 c3 30. Rb3 Rc4 31. e4 Nb4 32. Bxc3 Na2 33. Rc2 Nxc3 34. Rcxc3 Rxc3+ 35. Rxc3 Rxd4 36. Rc6 Rxa4 37. Rxb6 Ra3+ 38. Kg2 Kf7 39. f4 Rg3+ 40. Kh2 Re3 41. e5 fxe5 42. fxe5 a5 43. Rb7+ Kg6 44. Rb6+ Kg5 45. e6 a4 46. Ra6 a3 47. e7 Re2+ 48. Kg1 Rxe7 49. Rxa3 Kf4 50. Kf2 Rb7 51. Ra4+ Kg5 52. Ra5+ Kf4 53. Ra4+ Kg5 54. Ra5+ Kf4 55. Ra4+ 1/2-1/2